000
00234nam a2200097Ia 4500
001
977418
005
20250826220726.0
008
250824s9999 xx 000 0 und d
245
0
_a
SİMRU
_c
KAHRAMAN TAZEOĞLU
260
_b
DESTEK YAYINLARI
999
_c
977418
_d
977418